000 00300nam a22001337a 4500
008 210520b ||||| |||| 00| 0 eng d
041 _aeng
080 _25th
_a33
082 _a33
100 _a52
101 _aEKO
245 _aThe Economics of Money and Banking
_cChandler,L.V
942 _2udc
_cBK
999 _c57549
_d57549